000 00509nam a2200181Ia 4500
005 20260429112036.0
008 260429s9999||||xx |||||||||||||| ||und||
020 _a9781804896600
041 _aEnglish
082 _a338.4791
_bLAW
100 _aLawrence, Cathryn
245 0 _aKey concepts in tourism /
_cCathryn Lawrence
260 _aUnited Kingdom :
_bBrilliant Publication Ltd. ,
_c2026.
300 _ax, 290 p.; hb
650 _a Hospitality management
650 _aTourism studies
942 _cTB
999 _c52045
_d52045